Największe oraz najmniejsze województwa pod względem powierzchni - Statystyki

Ogólne statystyki
  • Ten quiz został rozwiązany 4 805 razy
  • Średni wynik to 7 z 10
Statystyki odpowiedzi
Powierzchnia
/ km²
Województwa % Poprawnych
35 559 mazowieckie
97%
29 826 wielkopolskie
88%
9412 opolskie
83%
12 333 śląskie
67%
11 710 świętokrzyskie
62%
15 183 małopolskie
58%
13 988 lubuskie
57%
22 905 zachodniopomorskie
54%
25 123 lubelskie
51%
24 173 warmińsko-mazurskie
50%
Nie znaleziono quizów pasujących do podanych kryteriów
Rozkład punktacji
Procent ludzi z każdym wynikiem
Percentyl według liczby udzielonych odpowiedzi
Twoja historia wyników
Nie rozwiązałeś tego quizu